000 00933nam a22002777a 4500
001 4824
003 FISKH
005 20241016155807.0
008 241016b cb ||||| |||| 00| 0 eng d
020 _a9780439405089
040 _aFISKH
_beng
_cFISKH
_dFISKH
050 _aPZ7.K8527
100 _aKoss, Amy Goldman
245 _aThe girls /
_cStory by Amy Goldman Koss
250 _aFirst Scholastic printing, February 2002
260 _aNew York :
_bScholastic ;
_c2000 .
300 _a121 pages :
_billustrations ;
_c20 cm .
505 _aR
520 _aEach of the girls in a middle-school clique reveals the strong, manipulative hold one of the group exerts on the others, and the hurt and self-doubt that it causes them.
521 8 _a710
_bLexile
521 8 _aR
_bRaz-Plus
650 _afriends
_vyoung adults fiction
700 _aWeart, Kimi
_eDesigner
942 _2ddc
_cBK
_n0
999 _c4824
_d4824